000 00721nam a2200217Ia 4500
003 GCL
008 140319s9999 xx 000 0 ara d
040 _aGCL /
_cGCL
082 0 4 _a155.4
_bط ن
100 1 _aعبدالوهاب محمد كامل
245 1 0 _aالنمو النفسى للطفل وعلم النفس الذى يخصنا /
_cعبدالوهاب محمد كامل
700 1 _aطاهر مزروع
260 _a[S.N] :
_bمكتبة النهضة المصرية ،
_c1982
300 _a120 ص
490 _a
650 0 4 _aعلم النفس
650 0 4 _aالتحليل النفسى
650 0 4 _aعلم النفس التربوى
650 0 4 _aعلم النفس الاجتماعى
942 _2ddc
_cBK
999 _c54255
_d54255